000 00657nam a2200193 a 4500
005 20260112063326.0
010 _a2001-309259
020 _a9789350717745
039 _a202110261231
_bstaff
_c201612020956
_d staff
_c201607181551
_d staff
_c201607181549
_d staff
_y 201607181545
_z staff
082 _a658.4
_bTAX [ Shelf No. 51 ]
245 _aCorporate Governance
260 _aNew Delhi :
_bTaxmann,
_c2015.
300 _a5.92 p. :
_bill. ;
_c24 cm.
650 _aCorporate governance.
650 _aCorporate governance
_x Law and legislation.
991 _aVIRTUA40
991 _aVTLSSORT0080*0100*0200*0820*2450*2600*3000*6500*6501*9992
909 _a5593
999 _c5049
_d5049